000 00365nam a2200133Ia 4500
008 230524s9999 xx 000 0 und d
020 _a9788122308600
100 _aAlan Cohen
_936627
245 0 _a365 Recipes That will make you Think Positive
260 _bPustak Mahal
500 _aQuantity Number: 1
650 _aPersonality Development
_936628
942 _cBK
999 _c50672
_d50672